Des armes, Noir Désir - Statistiques

Statistiques générales
  • Ce quiz a été pris 44 fois
  • Le résultat moyen est 102 sur 138
Statistiques - réponses
Réponse % Correct
à
100%
le
100%
armes,
93%
armes
93%
de
93%
Des
93%
des
93%
la
93%
au
87%
Au
87%
Brillant
87%
pour
87%
Pour
87%
qui
87%
celui
80%
chouettes,
80%
comme
80%
d'un
80%
Et
80%
et
80%
L'autre,
80%
les
80%
plaisir
80%
rêver
80%
brillantes
73%
caresser
73%
cigarettes
73%
dernières
73%
fait
73%
faut
73%
feu
73%
qu'il
73%
se
73%
un
73%
une
73%
aux
67%
communiantes
67%
Dans
67%
dans
67%
l'âme
67%
mettre
67%
nettoyer
67%
terre
67%
chaud
60%
femme
60%
fond
60%
français
60%
gâchette
60%
garde
60%
larme
60%
on
60%
poètes
60%
Qu'on
60%
soi
60%
souvent
60%
bleues
53%
bout
53%
bras
53%
d'une
53%
jours
53%
poésie
53%
secret
53%
coeur,
47%
discours
47%
font
47%
garder
47%
mystère
47%
service
47%
lectures
40%
l'herbe,
40%
vers
40%
vous
40%
yeux
40%
ciel
33%
l'écriture
33%
mettent
33%
puis
33%
tard
33%
très
33%
Sous
27%
Aucun quiz correspondant
Distribution des résultats
% des personnes avec chaque résultat
Percentile par nombre de réponses
Votre historique - résultats
Vous n’avez pas pris ce quiz